[Event "Kup SS CS 2014"]
[Site "?"]
[Date "2014.05.02"]
[Round "5.8"]
[White "Todorovic, Bojan"]
[Black "Stankovic, Dragan P"]
[Result "1-0"]
[WhiteElo "2321"]
[BlackElo "2266"]
[PlyCount "57"]
[EventDate "2014.03.23"]

1. d4 Nf6 2. c4 g6 3. Nc3 d5 4. cxd5 Nxd5 5. Bd2 Nb6 6. Bf4 Bg7 7. e3 O-O 8.
Nf3 Nc6 9. Be2 Be6 10. O-O Nd5 11. Bg3 Nxc3 12. bxc3 Na5 13. Qa4 c6 14. c4 c5
15. Rab1 Rc8 16. Rfd1 Bd7 17. Qa3 b6 18. Be5 f6 19. Bg3 Qe8 20. Nd2 f5 21. dxc5
Rxc5 22. Nb3 Nxb3 23. Qxa7 Nd4 24. exd4 Ra5 25. Qc7 Rxa2 26. Bf3 f4 27. Bxf4
Ba4 28. Re1 Bxd4 29. Bd5+ 1-0

[Event "Kup SS CS 2014"]
[Site "?"]
[Date "2014.05.02"]
[Round "5.8"]
[White "Avramovic, Zoran"]
[Black "Nikolic, Boban"]
[Result "1-0"]
[WhiteElo "2313"]
[BlackElo "2236"]
[PlyCount "83"]
[EventDate "2014.03.23"]

1. e4 d6 2. d4 Nf6 3. f3 e5 4. dxe5 dxe5 5. Qxd8+ Kxd8 6. Bc4 Be6 7. Bxe6 fxe6
8. Be3 Nbd7 9. Nd2 Bc5 10. Bxc5 Nxc5 11. Nc4 Ncd7 12. Nh3 a5 13. a4 Ke7 14. Nf2
Nh5 15. Ng4 Nf4 16. g3 Ng6 17. Rd1 Rhb8 18. Ke2 b5 19. axb5 Rxb5 20. b3 Nb6 21.
Na3 Rb4 22. Nf2 a4 23. Nd3 Rd4 24. Nb5 Rd7 25. Nb4 c5 26. Rxd7+ Nxd7 27. Nc6+
Kf6 28. Ra1 Nb6 29. bxa4 Rxa4 30. Rxa4 Nxa4 31. Kd3 Nb6 32. Nd6 Nf8 33. Kc3 g5
34. Ne8+ Kf7 35. Nc7 Kf6 36. Na6 Nfd7 37. Nd8 g4 38. fxg4 Ke7 39. Nb7 Nf6 40.
Naxc5 Nxg4 41. h3 Nf2 42. h4 1-0

[Event "Kup SS CS 2014"]
[Site "?"]
[Date "2014.05.02"]
[Round "5.8"]
[White "Pejcic, Milutin"]
[Black "Mircic, Ivan"]
[Result "0-1"]
[WhiteElo "2145"]
[BlackElo "2257"]
[PlyCount "112"]
[EventDate "2014.03.23"]

1. Nf3 d5 2. c4 e6 3. e3 Nf6 4. Qc2 Be7 5. Nc3 O-O 6. b3 c5 7. Bb2 Nc6 8. a3 d4
9. Nd1 e5 10. d3 Bg4 11. Be2 Qd7 12. h3 Bxf3 13. Bxf3 Rad8 14. e4 a6 15. O-O
Rb8 16. Bc1 h6 17. Bd2 b5 18. Nb2 Rb6 19. Rfc1 Rfb8 20. b4 cxb4 21. c5 b3 22.
Qxb3 R6b7 23. Qa2 Qe8 24. Bd1 Qf8 25. Rc2 Rc8 26. Rac1 Nd8 27. Ba5 Ne6 28. c6
Rbb8 29. Bb4 Bxb4 30. axb4 Qxb4 31. Bg4 Nxg4 32. hxg4 Nc7 33. Rb1 Qd6 34. Qa5
Ra8 35. Rbc1 Qg6 36. Rc5 Qxg4 37. Rxe5 Ne6 38. Qd2 Nf4 39. f3 Qg3 40. Rf5 Ne6
41. Rd5 Rc7 42. Rd7 Rac8 43. Rxc7 Rxc7 44. Qa5 Nf4 45. Qd2 Qg5 46. Kf1 Qh4 47.
Kg1 Qf6 48. Nd1 Ng6 49. Nf2 Rxc6 50. Ra1 Nf4 51. Qb2 Qg5 52. g4 Qh4 53. Nh1 Qh3
54. Rf1 Rc3 55. Qa2 Rxd3 56. e5 Re3 0-1

[Event "Kup SS CS 2014"]
[Site "?"]
[Date "2014.05.02"]
[Round "5.9"]
[White "Bojovic, Dusan"]
[Black "Blagojevic, Nebojsa"]
[Result "0-1"]
[WhiteElo "2284"]
[BlackElo "2317"]
[PlyCount "109"]
[EventDate "2014.03.23"]

1. e4 c5 2. Nf3 Nc6 3. d4 cxd4 4. Nxd4 Nf6 5. Nc3 d6 6. Bg5 e6 7. h4 h6 8. Be3
Be7 9. f3 Bd7 10. Qd2 a6 11. O-O-O Nxd4 12. Qxd4 e5 13. Qd2 Be6 14. g4 Qa5 15.
Kb1 b5 16. Be2 b4 17. Nd5 Bxd5 18. exd5 Nd7 19. g5 h5 20. f4 g6 21. fxe5 Nxe5
22. Bf4 O-O 23. Qe3 Qc7 24. Rd4 a5 25. Re4 Rfc8 26. Rc1 Bf8 27. Bxe5 dxe5 28.
Rxe5 Bc5 29. Qe4 Bd6 30. Re6 fxe6 31. Qxg6+ Kh8 32. Bd3 Qg7 33. Qxh5+ Kg8 34.
Qg4 Re8 35. dxe6 a4 36. Rf1 Rf8 37. Rf7 Rxf7 38. exf7+ Kf8 39. Qe6 Be7 40. Qc6
Rd8 41. g6 a3 42. bxa3 bxa3 43. c3 Qf6 44. Qe4 Rb8+ 45. Kc2 Kg7 46. h5 Rb2+ 47.
Kd1 Rh2 48. Be2 Qd6+ 49. Kc2 Bf6 50. Qe8 Qf8 51. Qb5 Qe7 52. Kd1 Bxc3 53. Qe8
Qd6+ 54. Kc2 Qd2+ 55. Kb3 0-1

[Event "Kup SS CS 2014"]
[Site "?"]
[Date "2014.05.02"]
[Round "5.9"]
[White "Mitrovic, Marjan"]
[Black "Toth, Aleksandar"]
[Result "0-1"]
[WhiteElo "2111"]
[BlackElo "2306"]
[PlyCount "79"]
[EventDate "2014.03.23"]

1. Nf3 d5 2. g3 Nf6 3. Bg2 c6 4. O-O Bf5 5. b3 e6 6. Bb2 Be7 7. d3 h6 8. Nbd2
O-O 9. Qe1 a5 10. a3 Nbd7 11. e4 Bh7 12. e5 Ne8 13. Qe2 Nc7 14. Rae1 c5 15. h3
a4 16. Rc1 b5 17. Ra1 Nb6 18. Rfc1 Qd7 19. Ne1 Rab8 20. Rd1 Rfc8 21. Bc1 b4 22.
Kh2 Nb5 23. Nb1 Nd4 24. Qg4 Bf5 25. Qh5 axb3 26. cxb3 Nxb3 27. Ra2 Nxc1 28.
Rxc1 b3 29. Rd2 c4 30. Bf1 c3 31. Rxc3 Rxc3 32. Nxc3 Bxa3 33. Qd1 Na4 34. Nxa4
Qxa4 35. d4 Bb4 36. Re2 Bc3 37. Re3 Bxd4 38. Rf3 Qa1 39. Qd2 b2 40. Rxf5 0-1

[Event "Kup SS CS 2014"]
[Site "?"]
[Date "2014.05.02"]
[Round "5.9"]
[White "Jovanovic, Miroslav O"]
[Black "Djoric, Hadzi Goran"]
[Result "1/2-1/2"]
[WhiteElo "2068"]
[BlackElo "2151"]
[PlyCount "45"]
[EventDate "2014.03.23"]

1. d4 d5 2. c4 e6 3. Nc3 Nf6 4. Bg5 Be7 5. e3 c6 6. Qc2 Nbd7 7. cxd5 exd5 8.
Nf3 O-O 9. Bd3 Re8 10. h3 h6 11. Bf4 Nf8 12. O-O Bd6 13. Bxd6 Qxd6 14. Rfc1
N8d7 15. Rab1 a5 16. Ne2 Ne4 17. Bxe4 Rxe4 18. Ng3 Re8 19. b3 Qf6 20. Qf5 Qd6
21. Qc2 Qf6 22. Qf5 Qd6 23. Qc2 1/2-1/2

[Event "Kup SS CS 2014"]
[Site "?"]
[Date "2014.05.02"]
[Round "5.9"]
[White "Mitrovic, Mikica"]
[Black "Djukic, Sasa"]
[Result "1-0"]
[WhiteElo "1993"]
[BlackElo "1988"]
[PlyCount "73"]
[EventDate "2014.03.23"]

1. g3 e5 2. Bg2 d5 3. d3 f5 4. Nf3 Bd6 5. c4 dxc4 6. dxc4 Nc6 7. O-O e4 8. Nd4
Nxd4 9. Qxd4 Qf6 10. Be3 Be5 11. Qd2 Bxb2 12. Rd1 h6 13. Bd4 Bxd4 14. Qxd4 Qxd4
15. Rxd4 Nf6 16. Nc3 c5 17. Rd2 Bd7 18. f3 Bc6 19. Nd5 Rd8 20. Rad1 Bxd5 21.
cxd5 Rd6 22. Rc2 exf3 23. exf3 b6 24. Bf1 Kf7 25. Bc4 Rhd8 26. Kf2 Rb8 27. a4
Rbd8 28. Rcd2 Ne8 29. Re2 Nc7 30. Re5 Kf6 31. Rde1 Nxd5 32. Bxd5 Rxd5 33. Re6+
Kg5 34. h4+ Kh5 35. Kg2 f4 36. g4+ Kxh4 37. Rh1+ 1-0

[Event "Kup SS CS 2014"]
[Site "?"]
[Date "2014.05.02"]
[Round "5.10"]
[White "Vujic, Mihailo"]
[Black "Cukanovic, Petar"]
[Result "1-0"]
[WhiteElo "2323"]
[BlackElo "2057"]
[PlyCount "79"]
[EventDate "2014.03.23"]

1. e4 c5 2. c3 d6 3. Nf3 Nf6 4. Be2 g6 5. O-O Bg7 6. Bb5+ Bd7 7. Bxd7+ Qxd7 8.
Re1 O-O 9. d4 Na6 10. Bf4 Rac8 11. d5 Ng4 12. h3 Ne5 13. Nxe5 dxe5 14. Bg3 c4
15. Nd2 b5 16. a4 b4 17. Qe2 bxc3 18. bxc3 Qc7 19. Rab1 Bh6 20. Nf3 f6 21. Nd4
Qa5 22. Nc6 Qxc3 23. Nxe7+ Kh8 24. Nxc8 Rxc8 25. Qg4 Rf8 26. Qe6 Nc5 27. Qe7
Nb3 28. Red1 Qa5 29. d6 Qc5 30. Rd5 Qc8 31. d7 Qd8 32. Qb4 a5 33. Qxc4 Nd2 34.
Rxd2 Bxd2 35. Rb7 Kg7 36. Qe6 Bb4 37. f4 exf4 38. Bxf4 Rf7 39. Bh6+ Kg8 40.
Qe8+ 1-0

[Event "Kup SS CS 2014"]
[Site "?"]
[Date "2014.05.02"]
[Round "5.10"]
[White "Gajic, Sladjan"]
[Black "Tojagic, Dane"]
[Result "1/2-1/2"]
[WhiteElo "2066"]
[BlackElo "2270"]
[PlyCount "48"]
[EventDate "2014.03.23"]

1. c4 c5 2. Nf3 Nf6 3. d4 cxd4 4. Nxd4 e5 5. Nf3 e4 6. Nd4 d5 7. e3 Bb4+ 8. Bd2
Bxd2+ 9. Nxd2 O-O 10. Be2 Nbd7 11. cxd5 Nb6 12. Qc2 Qxd5 13. Nf1 Bd7 14. Ng3
Rac8 15. Qd1 g6 16. O-O Qe5 17. Qb3 h5 18. Rfc1 Rc5 19. Rxc5 Qxc5 20. Bb5 h4
21. Nge2 Rc8 22. h3 Bxb5 23. Nxb5 Qc4 24. Nec3 Rd8 1/2-1/2

[Event "Kup SS CS 2014"]
[Site "?"]
[Date "2014.05.02"]
[Round "5.10"]
[White "Markovic, Dragan P"]
[Black "Curcic, Predrag"]
[Result "0-1"]
[WhiteElo "2234"]
[BlackElo "2060"]
[PlyCount "78"]
[EventDate "2014.03.23"]

1. e4 c5 2. c3 d6 3. d4 Qc7 4. Nf3 Nc6 5. Be3 e5 6. dxe5 dxe5 7. Bc4 Nf6 8.
Nbd2 Be7 9. h3 O-O 10. O-O h6 11. Re1 Rd8 12. Qc2 a6 13. a4 Rb8 14. Nf1 b5 15.
axb5 axb5 16. Be2 Be6 17. Ng3 b4 18. Ra6 b3 19. Qc1 Bf8 20. Qa1 Bc8 21. Ra3 Be6
22. Ra6 Bc8 23. Ra4 Nd7 24. Nd2 Nb6 25. Ra3 Nd4 26. Bd1 c4 27. Ra7 Rb7 28. Ra6
Rb8 29. Ra7 Rb7 30. Ra6 Rb8 31. Ra5 Be6 32. Ra7 Ra8 33. Rxc7 Rxa1 34. cxd4 exd4
35. Bf4 c3 36. Kf1 cxb2 37. Be2 Bb4 38. Bd3 Nc4 39. Ke2 g5 0-1

[Event "Kup SS CS 2014"]
[Site "?"]
[Date "2014.05.02"]
[Round "5.11"]
[White "Cicvaric, Dragos"]
[Black "Gajic, Branko"]
[Result "0-1"]
[WhiteElo "2153"]
[BlackElo "2168"]
[PlyCount "62"]
[EventDate "2014.03.23"]

1. d4 d5 2. Nf3 c6 3. Nc3 Bf5 4. Bf4 e6 5. e3 Nf6 6. Bd3 Bg4 7. O-O Bd6 8. Bxd6
Qxd6 9. h3 Bh5 10. Qe2 Nbd7 11. Rad1 O-O 12. g4 Nxg4 13. hxg4 Bxg4 14. Nb1 f5
15. Nbd2 Rf6 16. Qe1 Rh6 17. Ne5 Bxd1 18. Qxd1 Nxe5 19. dxe5 Qxe5 20. Nf3 Qf6
21. Re1 e5 22. Nxe5 Qxe5 23. f4 Qf6 24. Qf3 Qh4 25. Re2 Rg6+ 26. Rg2 Qe1+ 27.
Bf1 Re8 28. Qf2 Qxe3 29. Qxe3 Rxe3 30. Bd3 Rxg2+ 31. Kxg2 g6 0-1

[Event "Kup SS CS 2014"]
[Site "?"]
[Date "2014.05.02"]
[Round "5.11"]
[White "Cabarkapa, Mijomir"]
[Black "Minic, Miroslav"]
[Result "0-1"]
[WhiteElo "2184"]
[BlackElo "2059"]
[PlyCount "72"]
[EventDate "2014.03.23"]

1. Nf3 d6 2. d4 f5 3. c4 Nf6 4. Nc3 g6 5. e3 Bg7 6. Bd3 Nc6 7. d5 Ne5 8. Nxe5
dxe5 9. e4 e6 10. Bg5 h6 11. Bxf6 Qxf6 12. dxe6 Bxe6 13. Qe2 O-O 14. h4 f4 15.
O-O-O c6 16. Kb1 Rfd8 17. Qc2 Rd7 18. Be2 Rad8 19. h5 g5 20. Rxd7 Rxd7 21. Qa4
a6 22. Rd1 Qd8 23. Rxd7 Qxd7 24. Qd1 Qxd1+ 25. Nxd1 Kf7 26. f3 Ke7 27. Kc2 Kd6
28. Kc3 Bf7 29. g4 fxg3 30. Ne3 Bxh5 31. Nf5+ Kd7 32. Nxg3 Bg6 33. Bf1 Bf8 34.
Bh3+ Kc7 35. Bg4 Bc5 36. Nf5 h5 0-1

[Event "Kup SS CS 2014"]
[Site "?"]
[Date "2014.05.02"]
[Round "5.11"]
[White "Jovcic, Zoran"]
[Black "Matovic, Mihailo"]
[Result "1-0"]
[WhiteElo "2117"]
[BlackElo "1885"]
[PlyCount "97"]
[EventDate "2014.03.23"]

1. e4 e6 2. d4 d5 3. Nc3 Nf6 4. Bd3 Bd7 5. e5 Ng8 6. Nce2 c5 7. c3 Nc6 8. Nf3
h6 9. O-O Qb6 10. dxc5 Bxc5 11. b4 Be7 12. Ng3 Qc7 13. Re1 g5 14. h3 O-O-O 15.
a4 f5 16. b5 Na5 17. Ba3 Bc5 18. Nd4 Kb8 19. Qb1 b6 20. Nb3 f4 21. Nxc5 bxc5
22. Nf1 Qb6 23. Nd2 c4 24. Bd6+ Kb7 25. Be2 Be8 26. Qb4 Rc8 27. Nf3 Bd7 28. Nd4
h5 29. Qb1 Rh6 30. Qc2 Be8 31. Qb2 Ka8 32. Qa3 Bd7 33. Reb1 g4 34. hxg4 hxg4
35. Bxg4 Qd8 36. Bf3 Be8 37. Qb4 Qb6 38. Kf1 Bg6 39. g3 fxg3 40. fxg3 Bd3+ 41.
Kg2 Bxb1 42. Rxb1 Nb3 43. Nxe6 a5 44. Bxd5+ Ka7 45. Qa3 Qe3 46. Qb2 Kb6 47. Rf1
Qd3 48. Qf2+ Rc5 49. Bxc5+ 1-0